| 000 | 00658nam a2200169 i 4500 | ||
|---|---|---|---|
| 001 | 91077 | ||
| 003 | ES-MaACL | ||
| 007 | t| | ||
| 008 | 050127s1980 sp ||||1| spa d | ||
| 100 | 1 |
_aLeón Tello, Francisco José. _971645 |
|
| 245 | 1 | 0 |
_aTratados neoclásicos españoles de pintura y escultura / _cFrancisco José León Tello y María M. Virginia Sanz Sanz. |
| 260 |
_aMadrid : _bUniversidad Autonoma de Madrid, Departamento de Estética, _c[1980] |
||
| 300 |
_a564 p. ; _c22 cm. |
||
| 700 | 1 |
_aSanz Sanz, María Virginia. _9103684 |
|
| 710 | 2 |
_aUniversidad Autónoma de Madrid. _bDepartamento de Estética. _97065 |
|
| 852 |
_aES-MaACL _jL-785 _bR.101029 |
||
| 999 |
_c91077 _d91077 |
||